Catálogo público

Processes and control of plant senescence (Record no. 69944)

MARC details
000 -CABECERA
campo de control de longitud fija 01201nam a22003497a 4500
003 - IDENTIFICADOR DEL NÚMERO DE CONTROL
campo de control CHAP
005 - FECHA Y HORA DE LA ÚLTIMA TRANSACCIÓN
campo de control 20220329141538.0
008 - DATOS DE LONGITUD FIJA--INFORMACIÓN GENERAL
campo de control de longitud fija 971013s1986 r 00010 d
010 ## - NÚMERO DE CONTROL DE LA BIBLIOTECA DEL CONGRESO
Número de control de LC 69944
011 ## - ENLACE DEL NUMERO DE CONTROL DE LA BIBLIOTECA DEL CONGRESO [OBSOLETO]
Número de control de LC 70916
035 ## - NÚMERO DE CONTROL DEL SISTEMA
Número de control de sistema 80470
040 ## - FUENTE DE LA CATALOGACIÓN
Centro/agencia transcriptor CHAP
082 ## - NÚMERO DE LA CLASIFICACIÓN DECIMAL DEWEY
Número de clasificación 581.1
Número de documento/Ítem L34
100 00 - ENTRADA PRINCIPAL--NOMBRE DE PERSONA
Nombre de persona Leshem, Ya'acov Y.
9 (RLIN) 66335
245 ## - MENCIÓN DE TÍTULO
Título Processes and control of plant senescence
260 ## - PUBLICACIÓN, DISTRIBUCIÓN, ETC.
Lugar de publicación, distribución, etc. Amsterdam :
Nombre del editor, distribuidor, etc. Elsevier,
Fecha de publicación, distribución, etc. 1986
300 ## - DESCRIPCIÓN FÍSICA
Extensión 215 p.
Otras características físicas : ilus. ; gráfs.
490 ## - MENCIÓN DE SERIE
Mención de serie Development in Crop Science
Designación de volumen o secuencia ; 8
500 ## - NOTA GENERAL
Nota general D18-226
590 ## - NOTA LOCAL (RLIN)
Nota local BATCH-UPD
Procedencia (VM) [OBSOLETO] 10
Condición del los carretes individuales (VM) [OBSOLETO] 20130110
-- UCH01
-- 0505
590 ## - NOTA LOCAL (RLIN)
Nota local BATCH-UPD
Procedencia (VM) [OBSOLETO] 10
Condición del los carretes individuales (VM) [OBSOLETO] 20130110
-- UCH01
-- 2146
590 ## - NOTA LOCAL (RLIN)
Nota local CONVERSION
Procedencia (VM) [OBSOLETO] 10
Condición del los carretes individuales (VM) [OBSOLETO] 20130109
-- UCH01
-- 1338
650 14 - PUNTO DE ACCESO ADICIONAL DE MATERIA--TÉRMINO DE MATERIA
Término de materia o nombre geográfico como elemento de entrada Plantas
Subdivisión general Edad.
9 (RLIN) 88815
700 0# - PUNTO DE ACCESO ADICIONAL--NOMBRE DE PERSONA
Nombre de persona Frenkel, Chain.
9 (RLIN) 43177
700 0# - PUNTO DE ACCESO ADICIONAL--NOMBRE DE PERSONA
Nombre de persona Halevy, Abraham H.
9 (RLIN) 52280
830 0# - PUNTO DE ACCESO ADICIONAL DE SERIE-TÍTULO UNIFORME
Título uniforme Development in Crop Science
Designación de volumen o secuencia ; 8
9 (RLIN) 32251
901 ## - ELEMENTOS DE DATOS A LOCAL LDA (RLIN)
a BK
942 ## - ELEMENTOS DE PUNTO DE ACCESO ADICIONAL (KOHA)
Tipo de ítem Koha Libro
949 ## - PROCESAMIENTO DE INFORMACIÓN LOCAL (OCLC)
a 581.1 L34
b BC
c LIBRO
d 33724000089066
e LIBRO
f c.3
g I.c/e
h 87848
i 80470
s i
t 70.98
949 ## - PROCESAMIENTO DE INFORMACIÓN LOCAL (OCLC)
a 581.1 L34
b BC
c LIBRO
d 33724000425492
e LIBRO
f c.2
g I.151266
h 77807
i 80470
s i
t 309.98
949 ## - PROCESAMIENTO DE INFORMACIÓN LOCAL (OCLC)
a 581.1 L34
b BC
c LIBRO
d 33724000425500
e LIBRO
g I. 136153
h 70639
i 80470
m Dir.
s i
t 70.98
Holdings
Estado de retiro Estado de pérdida Fuente del sistema de clasificación o colocación Estado dañado Restricciones de uso No para préstamo Código de colección Localización permanente Ubicación/localización actual Ubicación en estantería Fecha de adquisición Fuente de adquisición Información codificada de la localización en otra ubicación Total de préstamos Signatura topográfica completa Código de barras Fecha visto por última vez Precio válido a partir de Tipo de ítem Koha Número de copia
    Dewey Decimal Classification   Préstamo 15 días   General Biblioteca Central Biblioteca Central Planta alta - Colección General 31/12/2019 I. 136153 LIBRO   581.1 L34 33724000425500 31/12/2019 31/12/2019 Libro  
    Dewey Decimal Classification   Préstamo 15 días   General Biblioteca Central Biblioteca Central Planta alta - Colección General 31/12/2019 I.151266 LIBRO   581.1 L34 33724000425492 31/12/2019 31/12/2019 Libro c.2
    Dewey Decimal Classification   Préstamo 15 días   General Biblioteca Central Biblioteca Central Planta alta - Colección General 31/12/2019 I.c/e LIBRO   581.1 L34 33724000089066 31/12/2019 31/12/2019 Libro c.3